Statistics for Boise State Basketball Roster 2015-16

Click here to take the quiz!

General Stats

  • This quiz has been taken 7 times
  • The average score is 6 of 15

Answer Stats

#PosYearPlayer% Correct
23F/CRS JRJames Webb III
100%
15G/FSOChandler Hutchison
75%
13FJRNick Duncan
75%
3GSRAnthony Drmic
50%
30GFRParis Austin
50%
10CFRRobin Jorch
50%
20GFRCody Spjute
25%
12GFRCollin Landry
25%
33CSODavid Wacker
25%
50GSRJames Reid
25%
25GGRADLonnie Jackson
25%
5GFRMalek Harwell
25%
1GSRMikey Thompson
25%
21GRS SRMontigo Alford
25%
11F/CRS FRZach Haney
25%

Score Distribution

Percentile by Number Answered

Percent of People with Each Score

Your Score History

You have not taken this quiz